<?xml version="1.0" encoding="UTF-8"?>
<record
    xmlns:xsi="http://www.w3.org/2001/XMLSchema-instance"
    xsi:schemaLocation="http://www.loc.gov/MARC21/slim http://www.loc.gov/standards/marcxml/schema/MARC21slim.xsd"
    xmlns="http://www.loc.gov/MARC21/slim">

  <leader>01118nam a22002657a 4500</leader>
  <controlfield tag="005">20170123164203.0</controlfield>
  <datafield tag="010" ind1=" " ind2=" ">
    <subfield code="a">A-938711</subfield>
  </datafield>
  <datafield tag="020" ind1=" " ind2=" ">
    <subfield code="c">110.00</subfield>
    <subfield code="a">8123004195</subfield>
  </datafield>
  <datafield tag="035" ind1=" " ind2=" ">
    <subfield code="a">A-938711</subfield>
  </datafield>
  <datafield tag="037" ind1=" " ind2=" ">
    <subfield code="b">Cen Lib/Ret</subfield>
  </datafield>
  <datafield tag="040" ind1=" " ind2=" ">
    <subfield code="a">DPL</subfield>
    <subfield code="b">PN</subfield>
  </datafield>
  <datafield tag="082" ind1=" " ind2=" ">
    <subfield code="a">929.92</subfield>
    <subfield code="b">&#xA15;&#xA30;&#xA2E;</subfield>
  </datafield>
  <datafield tag="100" ind1=" " ind2=" ">
    <subfield code="a">&#xA15;&#xA30;&#xA2E;&#xA35;&#xA40;&#xA30; &#xA38;&#xA3F;&#xA70;&#xA18;</subfield>
    <subfield code="9">140231</subfield>
  </datafield>
  <datafield tag="245" ind1=" " ind2=" ">
    <subfield code="a">&#xA38;&#xA3E;&#xA21;&#xA3E; &#xA30;&#xA3E;&#xA38;&#xA3C;&#xA1F;&#xA30;&#xA40; &#xA1D;&#xA70;&#xA21;&#xA3E;  /</subfield>
    <subfield code="c">&#xA15;&#xA30;&#xA2E;&#xA35;&#xA40;&#xA30; &#xA38;&#xA3F;&#xA70;&#xA18; ; &#xA05;&#xA28;&#xA41;&#xA35;&#xA3E;&#xA26;&#xA15; &#xA2E;&#xA28;&#xA1C;&#xA40;&#xA24; &#xA15;&#xA4B;&#xA1B;&#xA5C;</subfield>
  </datafield>
  <datafield tag="246" ind1=" " ind2=" ">
    <subfield code="a">Bawan akhri satik /</subfield>
  </datafield>
  <datafield tag="260" ind1=" " ind2=" ">
    <subfield code="a">&#xA28;&#xA35;&#xA40;&#xA02; &#xA26;&#xA3F;&#xA71;&#xA32;&#xA40; </subfield>
    <subfield code="b">&#xA2A;&#xA4D;&#xA30;&#xA15;&#xA3E;&#xA38;&#xA3C;&#xA28; &#xA35;&#xA3F;&#xA2D;&#xA3E;&#xA17; &#xA38;&#xA42;&#xA1A;&#xA28;&#xA3E;&#xA24;&#xA47; &#xA2A;&#xA4D;&#xA30;&#xA38;&#xA3E;&#xA30;&#xA23; &#xA35;&#xA3F;&#xA2D;&#xA3E;&#xA17;, &#xA2D;&#xA3E;&#xA30;&#xA24; &#xA38;&#xA30;&#xA15;&#xA3E;&#xA30;</subfield>
    <subfield code="c">1998</subfield>
  </datafield>
  <datafield tag="270" ind1=" " ind2=" ">
    <subfield code="a">&#xA2A;&#xA1F;&#xA3F;&#xA06;&#xA32;&#xA3E; &#xA39;&#xA3E;&#xA0A;&#xA38;</subfield>
    <subfield code="b">&#xA28;&#xA35;&#xA40;&#xA02; &#xA26;&#xA3F;&#xA71;&#xA32;&#xA40; </subfield>
    <subfield code="e">110001</subfield>
  </datafield>
  <datafield tag="300" ind1=" " ind2=" ">
    <subfield code="a">176p ; </subfield>
    <subfield code="c">20cm</subfield>
  </datafield>
  <datafield tag="650" ind1=" " ind2=" ">
    <subfield code="a">Genealogy, names, insignia</subfield>
    <subfield code="9">140232</subfield>
  </datafield>
  <datafield tag="650" ind1=" " ind2=" ">
    <subfield code="a">&#xA35;&#xA70;&#xA38;&#xA3C;&#xA3E;&#xA35;&#xA32;&#xA40; , &#xA28;&#xA3E;&#xA2E;, &#xA28;&#xA3F;&#xA38;&#xA3C;&#xA3E;&#xA28;</subfield>
    <subfield code="9">3126</subfield>
  </datafield>
  <datafield tag="650" ind1=" " ind2=" ">
    <subfield code="a">flag</subfield>
    <subfield code="9">140233</subfield>
  </datafield>
  <datafield tag="650" ind1=" " ind2=" ">
    <subfield code="a">&#xA1D;&#xA70;&#xA21;&#xA3E;</subfield>
    <subfield code="9">140234</subfield>
  </datafield>
  <datafield tag="700" ind1=" " ind2=" ">
    <subfield code="a">&#xA15;&#xA4B;&#xA1B;&#xA5C;, &#xA2E;&#xA28;&#xA1C;&#xA40;&#xA24; </subfield>
    <subfield code="9">140235</subfield>
  </datafield>
  <datafield tag="942" ind1=" " ind2=" ">
    <subfield code="2">ddc</subfield>
    <subfield code="c">PN</subfield>
    <subfield code="h">929.92</subfield>
    <subfield code="m">&#xA15;&#xA30;&#xA2E;</subfield>
  </datafield>
  <datafield tag="999" ind1=" " ind2=" ">
    <subfield code="c">111236</subfield>
    <subfield code="d">111236</subfield>
  </datafield>
  <datafield tag="952" ind1=" " ind2=" ">
    <subfield code="0">0</subfield>
    <subfield code="1">0</subfield>
    <subfield code="4">0</subfield>
    <subfield code="7">0</subfield>
    <subfield code="a">L</subfield>
    <subfield code="b">L</subfield>
    <subfield code="d">2016-03-18</subfield>
    <subfield code="e">Cen Lib/Ret</subfield>
    <subfield code="g">110.00</subfield>
    <subfield code="l">0</subfield>
    <subfield code="o">929.92 &#xA15;&#xA30;&#xA2E;</subfield>
    <subfield code="p">A-938711</subfield>
    <subfield code="r">2016-03-18 00:00:00</subfield>
    <subfield code="t">1</subfield>
    <subfield code="v">110.00</subfield>
    <subfield code="w">2016-03-18</subfield>
    <subfield code="y">PN</subfield>
  </datafield>
</record>
